000 00538nam a2200121Ia 4500
008 220620s9999||||xx |||||||||||||| ||und||
100 _aPersson, Anders
245 0 _aFraming Social Interaction
_bContinuities and Cracks in Goffman’s Frame Analysis
546 _aEnglish[eng]
650 _aanaylsis||book||chess||frame||Goffman||impression||management||online||order||sociology||social interaction||interaction||social media
856 _uhttps://library.oapen.org/bitstream/20.500.12657/23350/1/9781472482587_text.pdf
942 _cEB
999 _c29163
_d29163